000 00670nam a2200241Ia 4500
001 2707
005 20240113233551.0
007 ta
008 050301s g b000 u hin u
040 _aCotton College Assam
041 _ahin
082 _a891.43
_bV 99 D
100 _aVyash, Bholasankar .
245 0 _aDhwani Sampradai aur Uske Sidhant: Bhag Ek(Sabdasakti Bibesana) /
_cBholasankar Vyash.
_hTextual Documents
250 _a1st ed. /
260 _aKashi :
_bNagar Prasarini Sabha ,
_cNd.
300 _a468p. ;
_c21cm.
653 _aHindi literature
653 _aGen-Hindi
942 _2ddc
_cBK
999 _c2700
_d2700